Affordable housing options (Record no. 68343)

MARC details
000 -LEADER
fixed length control field 01116cam a2200229 4500
001 - CONTROL NUMBER
control field ABS64546
008 - FIXED-LENGTH DATA ELEMENTS--GENERAL INFORMATION
fixed length control field 010924n2001 000 0 eng u
035 ## - SYSTEM CONTROL NUMBER
System control number (Sirsi) u114798
100 ## - MAIN ENTRY--PERSONAL NAME
Personal name Chapman, T
245 ## - TITLE STATEMENT
Title Affordable housing options
260 ## - PUBLICATION, DISTRIBUTION, ETC.
Date of publication, distribution, etc. 2001
490 ## - SERIES STATEMENT
Series statement Planning (for the Natural and Built Environment)
Volume/sequential designation (1436) 14 September 2001, 17(1)
520 ## - SUMMARY, ETC.
Summary, etc. Recent research, commissioned by the Greater London Authority, suggests the principle of "additionality" could help ease the capital's need for affordable housing. The research was conducted by Three Dragons consultancy and Nottingham Trent University's centre for residential development. Discusses additionality - a planning approach whereby private developers provide a proportion of social rented homes and receive a sum, based on the affordable rent, from the registered social landlord - and how far it is likely to help.
590 ## - LOCAL NOTE (RLIN)
Local note ABS
650 ## - SUBJECT ADDED ENTRY--TOPICAL TERM
Topical term or geographic name entry element ADDITIONALITY
650 ## - SUBJECT ADDED ENTRY--TOPICAL TERM
Topical term or geographic name entry element RESEARCH
650 ## - SUBJECT ADDED ENTRY--TOPICAL TERM
Topical term or geographic name entry element PUBLIC SUBSIDY
650 ## - SUBJECT ADDED ENTRY--TOPICAL TERM
Topical term or geographic name entry element LONDON
650 ## - SUBJECT ADDED ENTRY--TOPICAL TERM
Topical term or geographic name entry element PLANNING POLICY
690 ## - LOCAL SUBJECT ADDED ENTRY--TOPICAL TERM (OCLC, RLIN)
Topical term or geographic name as entry element Affordable housing
9 (RLIN) 6215
942 ## - ADDED ENTRY ELEMENTS (KOHA)
Suppress in OPAC 0
Holdings
Withdrawn status Lost status Source of classification or shelving scheme Damaged status Not for loan Home library Current library Shelving location Date acquired Total Checkouts Full call number Barcode Date last seen Copy number Price effective from Koha item type
    Dewey Decimal Classification     London London Journal article 24/09/2001   ABS64546 114798-1001 06/08/2019 1 06/08/2019 Journal article